[Event "Brasschaat op 04th"]
[Site "Brasschaat"]
[Date "2004.08.24"]
[Round "4"]
[White "Lavrenov, Yuli"]
[Black "Sadkowsky, Daniel"]
[Result "1/2-1/2"]
[WhiteElo "2139"]
[BlackElo "2329"]
[PlyCount "81"]
[EventDate "2004.08.21"]
[EventType "swiss"]
[EventRounds "9"]
[EventCountry "BEL"]
[SourceTitle "EXT 2017"]
[Source "ChessBase"]
[SourceDate "2016.10.25"]
[SourceVersion "1"]
[SourceVersionDate "2016.10.25"]
[SourceQuality "1"]

1. Nf3 Nf6 2. c4 g6 3. Nc3 Bg7 4. e4 d6 5. d4 0-0 6. Be2 e5 7. dxe5 dxe5 8. Qxd8 Rxd8 9. Bg5 c6 10. Nxe5 Re8 11. 0-0-0 Na6 12. f4 h6 13. Bh4 g5 14. Bg3 Nc5 15. Bf3 g4 16. Be2 Nfxe4 17. Nxe4 Nxe4 18. Bxg4 Bxe5 19. Bxc8 Bxb2+ 20. Kxb2 Raxc8 21. Rhe1 f5 22. Bh4 Rc7 23. Rd4 Kf7 24. Red1 Ke6 25. Rd8 Rxd8 26. Rxd8 Rd7 27. Rxd7 Kxd7 28. Kc2 h5 29. Kd3 Ke6 30. h3 b6 31. Be1 a6 32. Kd4 c5+ 33. Kd3 b5 34. cxb5 axb5 35. g4 hxg4 36. hxg4 Nf6 37. gxf5+ Kxf5 38. Bf2 c4+ 39. Kd4 Kxf4 40. a4 bxa4 41. Kxc4 1/2-1/2

[Event "Brasschaat op 04th"]
[Site "Brasschaat"]
[Date "2004.08.22"]
[Round "2"]
[White "Baete, Guy"]
[Black "Lavrenov, Yuli"]
[Result "1-0"]
[WhiteElo "1868"]
[BlackElo "2139"]
[PlyCount "65"]
[EventDate "2004.08.21"]
[EventType "swiss"]
[EventRounds "9"]
[EventCountry "BEL"]
[SourceTitle "EXT 2017"]
[Source "ChessBase"]
[SourceDate "2016.10.25"]
[SourceVersion "1"]
[SourceVersionDate "2016.10.25"]
[SourceQuality "1"]

1. d4 d6 2. Nf3 Nd7 3. c4 e5 4. Nc3 Ngf6 5. e4 Be7 6. Be2 h6 7. 0-0 c6 8. Qc2 Qc7 9. Rd1 Nf8 10. d5 g5 11. Ne1 Ng6 12. Be3 Nf4 13. b4 h5 14. dxc6 bxc6 15. b5 Bd7 16. Bxf4 gxf4 17. bxc6 Bxc6 18. Qd3 Rg8 19. Nd5 Bxd5 20. cxd5 Bd8 21. Rdc1 Qe7 22. Rab1 Bb6 23. Qa6 Qd8 24. Bf3 h4 25. h3 Nd7 26. Nd3 Bc5 27. Bg4 Qc8 28. Nxc5 dxc5 29. Qd6 Rxg4 30. hxg4 a5 31. Qc6 Ke7 32. Rb7 Rb8 33. Rcb1 1-0

[Event "Flemish-ch"]
[Site "Bilzen"]
[Date "2004.05.29"]
[Round "5"]
[White "Lavrenov, Yuli"]
[Black "Van Herck, Marcel"]
[Result "0-1"]
[WhiteElo "2147"]
[BlackElo "2216"]
[PlyCount "82"]
[EventDate "2004.05.20"]
[EventType "swiss"]
[EventRounds "7"]
[EventCountry "BEL"]
[SourceTitle "CBM 100 Extra"]
[Source "ChessBase"]
[SourceDate "2004.07.06"]
[SourceVersion "2"]
[SourceVersionDate "2004.07.06"]
[SourceQuality "1"]

1. Nf3 c5 2. c4 Nc6 3. g3 g6 4. Bg2 Bg7 5. Nc3 e6 6. b3 Nge7 7. Bb2 d5 8. cxd5 exd5 9. Na4 Bxb2 10. Nxb2 d4 11. 0-0 Be6 12. Nd3 b6 13. a3 Nd5 14. b4 c4 15. Nf4 Nxf4 16. gxf4 Rc8 17. e3 b5 18. a4 a6 19. Nxd4 Nxd4 20. exd4 0-0 21. Bb7 Rb8 22. Bxa6 bxa4 23. d3 cxd3 24. Bxd3 Rxb4 25. Rxa4 Rxa4 26. Qxa4 Qd5 27. f3 Ra8 28. Qb4 Bh3 29. Rf2 Ra1+ 30. Bf1 Kg7 31. Qc5 Qxc5 32. dxc5 Kf6 33. c6 Ke7 34. f5 g5 35. f4 g4 36. f6+ Kd6 37. f5 Kxc6 38. Rf4 Kd5 39. Kf2 Rxf1+ 40. Kg3 Rxf4 41. Kxf4 h6 0-1

[Event "Brasschaat op 03rd"]
[Site "Brasschaat"]
[Date "2003.08.25"]
[Round "3"]
[White "Meulenbergs, Jef"]
[Black "Lavrenov, Yuli"]
[Result "0-1"]
[WhiteElo "1793"]
[BlackElo "2175"]
[PlyCount "69"]
[EventDate "2003.08.24"]
[EventType "swiss"]
[EventRounds "9"]
[EventCountry "BEL"]
[SourceTitle "EXT 2017"]
[Source "ChessBase"]
[SourceDate "2016.10.25"]
[SourceVersion "1"]
[SourceVersionDate "2016.10.25"]
[SourceQuality "1"]

1. c4 Nf6 2. Nc3 d5 3. cxd5 Nxd5 4. g3 Nxc3 5. bxc3 g6 6. Bg2 Bg7 7. Nf3 0-0 8. 0-0 c5 9. Qc2 Nd7 10. Rb1 Qc7 11. c4 b6 12. d3 Bb7 13. Bd2 Rfe8 14. Qc1 e5 15. e4 Nf8 16. Bh6 Rad8 17. Bxg7 Kxg7 18. Rd1 Ne6 19. Bf1 f5 20. Qb2 fxe4 21. Nxe5 Nd4 22. Ng4 h5 23. Ne3 Kh7 24. Nd5 Bxd5 25. cxd5 e3 26. Bg2 exf2+ 27. Qxf2 Ne2+ 28. Kh1 Nc3 29. Qf3 Nxb1 30. Rxb1 Qe7 31. Qf4 Rf8 32. Qe4 Rde8 33. Kg1 Qf6 34. Qa4 Qf2+ 35. Kh1 0-1

[Event "Geraardsbergen op"]
[Site "Geraardsbergen"]
[Date "2003.08.15"]
[Round "3"]
[White "Lavrenov, Yuli"]
[Black "Matthys, Kris"]
[Result "0-1"]
[WhiteElo "2175"]
[BlackElo "1993"]
[PlyCount "80"]
[EventDate "2003.08.??"]
[EventType "swiss"]
[EventRounds "7"]
[EventCountry "BEL"]
[SourceTitle "EXT 2005"]
[Source "ChessBase"]
[SourceDate "2004.11.15"]
[SourceVersion "1"]
[SourceVersionDate "2004.11.15"]
[SourceQuality "1"]

1. Nf3 d5 2. d4 Nf6 3. c4 c6 4. cxd5 cxd5 5. Nc3 Nc6 6. Bf4 a6 7. e3 Bg4 8. h3 Bxf3 9. Qxf3 e6 10. Bd3 Be7 11. 0-0 0-0 12. Rfc1 Rc8 13. a3 Na5 14. Rc2 b5 15. Rac1 Nc4 16. Nb1 Qd7 17. a4 Nxb2 18. Qe2 Nxd3 19. Qxd3 Rc4 20. axb5 axb5 21. Nd2 Rxc2 22. Qxc2 Ba3 23. Ra1 Rc8 24. Qd3 b4 25. Nf3 Qa4 26. Nd2 Rc3 27. Qb1 Qc6 28. Nb3 h6 29. Nc5 Rc1+ 30. Qxc1 Bxc1 31. Rxc1 Ne4 32. f3 Nc3 33. Kf2 Qb5 34. Rc2 g5 35. Be5 Nd1+ 36. Kg3 Nxe3 37. Ra2 Nf5+ 38. Kg4 Ng7 39. Ra7 Qf1 40. g3 f5# 0-1

[Event "Brasschaat op 03rd"]
[Site "Brasschaat"]
[Date "2003.08.??"]
[Round "1"]
[White "Lavrenov, Yuli"]
[Black "Cauwenberg, Cyriel"]
[Result "1-0"]
[WhiteElo "2175"]
[BlackElo "1698"]
[PlyCount "43"]
[EventDate "2003.08.24"]
[EventType "swiss"]
[EventRounds "9"]
[EventCountry "BEL"]
[SourceTitle "EXT 2017"]
[Source "ChessBase"]
[SourceDate "2016.10.25"]
[SourceVersion "1"]
[SourceVersionDate "2016.10.25"]
[SourceQuality "1"]

1. Nf3 d5 2. d4 e6 3. c4 Nf6 4. Nc3 c6 5. Bg5 Nbd7 6. cxd5 cxd5 7. e3 Be7 8. Bd3 0-0 9. 0-0 Re8 10. Rc1 h6 11. Bh4 b6 12. Nb5 Rf8 13. Bg3 Ne8 14. Nc7 Nxc7 15. Bxc7 Qe8 16. Bb5 f6 17. Qa4 Bd8 18. Bg3 a6 19. Rxc8 Rxc8 20. Bxd7 Rc4 21. Bxe8 Rxa4 22. Bxa4 1-0

[Event "Ghent VSF-chA"]
[Site "Ghent"]
[Date "2003.05.31"]
[Round "3"]
[White "Lavrenov, Yuli"]
[Black "Krukowski, Meir"]
[Result "1/2-1/2"]
[WhiteElo "2159"]
[BlackElo "1913"]
[PlyCount "66"]
[EventDate "2003.05.29"]
[EventType "swiss"]
[EventRounds "7"]
[EventCountry "BEL"]
[SourceTitle "EXT 2004"]
[Source "ChessBase"]
[SourceDate "2003.11.25"]
[SourceVersion "1"]
[SourceVersionDate "2003.11.25"]
[SourceQuality "1"]

1. e4 e5 2. Nf3 Nf6 3. Nc3 Bb4 4. Nxe5 0-0 5. Be2 Re8 6. Nd3 Bxc3 7. dxc3 Nxe4 8. 0-0 d5 9. Nb4 c6 10. Be3 Nd7 11. Re1 Ne5 12. f3 Nd6 13. Bf2 Bf5 14. b3 Qd7 15. Qd2 Re7 16. Rad1 b5 17. Bf1 Rae8 18. Nd3 Nxd3 19. cxd3 a6 20. Rxe7 Rxe7 21. Re1 f6 22. Rxe7 Qxe7 23. Qe3 Qxe3 24. Bxe3 Kf7 25. Kf2 h5 26. Be2 Ke6 27. g4 hxg4 28. fxg4 Bg6 29. h4 Nf7 30. Bd4 Ne5 31. Ke3 f5 32. Bxe5 Kxe5 33. d4+ Ke6 1/2-1/2

[Event "Ghent VSF-chA"]
[Site "Ghent"]
[Date "2003.05.30"]
[Round "2"]
[White "Schalkx, Johnny"]
[Black "Lavrenov, Yuli"]
[Result "1/2-1/2"]
[WhiteElo "2288"]
[BlackElo "2159"]
[PlyCount "60"]
[EventDate "2003.05.29"]
[EventType "swiss"]
[EventRounds "7"]
[EventCountry "BEL"]
[SourceTitle "EXT 2004"]
[Source "ChessBase"]
[SourceDate "2003.11.25"]
[SourceVersion "1"]
[SourceVersionDate "2003.11.25"]
[SourceQuality "1"]

1. g3 d5 2. Bg2 Nf6 3. d3 g6 4. Nc3 Bg7 5. Nf3 0-0 6. 0-0 d4 7. Nb5 c5 8. e3 a6 9. Na3 Nc6 10. exd4 cxd4 11. Nc4 Nd5 12. Re1 b5 13. Nce5 Nxe5 14. Nxe5 Bb7 15. Qg4 Nf6 16. Qh3 Bd5 17. Bg5 Rc8 18. Re2 Bxg2 19. Qxg2 h6 20. Bd2 Qd5 21. c4 dxc3 22. bxc3 Qxg2+ 23. Kxg2 Rfd8 24. a4 Nd7 25. Nxd7 Rxd7 26. axb5 axb5 27. d4 e5 28. dxe5 Bxe5 29. Rxe5 Rxd2 30. Ra7 Rd6 1/2-1/2

[Event "BEL-chT 0102"]
[Site "Belgium"]
[Date "2001.11.25"]
[Round "3"]
[White "Claesen, Jeroen"]
[Black "Lavrenov, Yuli"]
[Result "1-0"]
[WhiteElo "2297"]
[BlackElo "2114"]
[PlyCount "83"]
[EventDate "2001.10.14"]
[EventType "team"]
[EventRounds "11"]
[EventCountry "BEL"]
[SourceTitle "EXT 2003"]
[Source "ChessBase"]
[SourceDate "2002.11.25"]
[SourceVersion "1"]
[SourceVersionDate "2002.11.25"]
[SourceQuality "1"]

1. d4 Nf6 2. Nf3 g6 3. Nc3 d5 4. Bf4 Bg7 5. e3 0-0 6. Be2 Bg4 7. h3 Bxf3 8. Bxf3 c6 9. h4 h6 10. Qd2 Nbd7 11. 0-0-0 b5 12. g4 Nb6 13. g5 hxg5 14. Bxg5 Nc4 15. Qe1 Nh7 16. e4 Nxg5 17. hxg5 e6 18. Rg1 Qa5 19. Kb1 Qb4 20. b3 Rab8 21. Ne2 Qa3 22. Qc3 b4 23. Qa1 Nd6 24. e5 Nf5 25. Bg4 Qa5 26. Bxf5 exf5 27. f4 Rfe8 28. Rh1 Kf8 29. Nc1 c5 30. dxc5 Qxc5 31. Qd4 Qxd4 32. Rxd4 Red8 33. Rhd1 Rb5 34. Ne2 a5 35. c4 bxc3 36. Nxc3 Rb4 37. Rxb4 axb4 38. Nxd5 Ke8 39. Nc7+ Ke7 40. Rxd8 Kxd8 41. Nd5 Bf8 42. Kc2 1-0

[Event "Antwerp Chess Event"]
[Site "Deurne"]
[Date "2000.08.21"]
[Round "3"]
[White "Abolianin, Arthur"]
[Black "Lavrenov, Yuli"]
[Result "1-0"]
[WhiteElo "2384"]
[BlackElo "2135"]
[PlyCount "95"]
[EventDate "2000.08.19"]
[EventType "swiss"]
[EventRounds "7"]
[EventCountry "BEL"]
[SourceTitle "EXT 2001"]
[Source "ChessBase"]
[SourceDate "2000.11.22"]
[SourceVersion "1"]
[SourceVersionDate "2000.11.22"]
[SourceQuality "1"]

1. c4 Nf6 2. Nc3 d5 3. cxd5 Nxd5 4. g3 Nxc3 5. bxc3 g6 6. Bg2 Bg7 7. Nf3 0-0 8. 0-0 c5 9. Qa4 Nd7 10. Rb1 Qc7 11. d3 a6 12. Qa3 Ra7 13. Be3 b6 14. Nd2 Bb7 15. Ne4 h6 16. c4 f5 17. Nc3 Bxg2 18. Kxg2 e6 19. Kg1 g5 20. Rb3 Rc8 21. Rfb1 b5 22. cxb5 axb5 23. Qc1 Bxc3 24. Rxc3 Rxa2 25. Rxb5 Rca8 26. Rc2 Rxc2 27. Qxc2 Ra1+ 28. Bc1 Qc6 29. Rb4 Qa8 30. Rc4 Ra2 31. Qd1 Ra1 32. Qb3 Ra2 33. Bb2 g4 34. Rxg4+ fxg4 35. Qxe6+ Kf8 36. Qxd7 Rxb2 37. Qf5+ Ke8 38. Qe5+ Kd7 39. Qxb2 Kc8 40. Qh8+ Kb7 41. Qb2+ Kc6 42. Qc1 Qa4 43. Qxh6+ Kb5 44. Qc1 Qa2 45. Qe3 Qa1+ 46. Kg2 Qc3 47. Qe8+ Ka5 48. Qd8+ 1-0

[Event "BEL-chB"]
[Site "Ghent"]
[Date "2000.07.??"]
[Round "5"]
[White "Lavrenov, Yuli"]
[Black "Faybish, Nimrod"]
[Result "1/2-1/2"]
[WhiteElo "2207"]
[BlackElo "2233"]
[PlyCount "134"]
[EventDate "2000.07.??"]
[EventType "tourn"]
[EventRounds "9"]
[EventCountry "BEL"]
[SourceTitle "EXT 2003"]
[Source "ChessBase"]
[SourceDate "2002.11.25"]
[SourceVersion "1"]
[SourceVersionDate "2002.11.25"]
[SourceQuality "1"]

1. d4 Nf6 2. c4 g6 3. Nc3 Bg7 4. e4 d6 5. Be2 0-0 6. Nf3 e5 7. 0-0 Nc6 8. Be3 exd4 9. Nxd4 Re8 10. f3 Bd7 11. Qd2 a5 12. Rac1 Nh5 13. Nxc6 Bxc6 14. g4 Nf6 15. Bg5 Qb8 16. Nd5 Nd7 17. Kg2 Bxd5 18. cxd5 Nc5 19. h4 Qa7 20. Rc4 a4 21. Rc2 Re5 22. Bf4 Re7 23. Bg5 Ree8 24. h5 Qa5 25. Qxa5 Rxa5 26. hxg6 hxg6 27. Bd2 Raa8 28. Bb5 Re7 29. Bg5 f6 30. Bh4 Ra5 31. Be2 Kf7 32. Be1 Ra8 33. Bc4 Bh6 34. Rh1 Rh8 35. b4 axb3 36. axb3 Bg7 37. Rxh8 Bxh8 38. b4 Nd7 39. Be2 Nf8 40. Kf1 Bg7 41. Bd2 Nh7 42. Bd3 Ng5 43. Kg2 Bh6 44. Bc1 Kf8 45. Rc4 Nf7 46. f4 g5 47. fxg5 Bxg5 48. Bb2 Kg7 49. Rc2 Bf4 50. Bc3 Ng5 51. Bd4 b6 52. Bf2 Nf7 53. Bd4 Nh8 54. Kf3 Ng6 55. Ba6 Be5 56. Bf2 Kf8 57. Bc8 Rh7 58. Bf5 Rh3+ 59. Ke2 Nf4+ 60. Kd1 Rd3+ 61. Rd2 Rb3 62. Bd4 Rb1+ 63. Kc2 Rxb4 64. Bxe5 fxe5 65. Rh2 Rc4+ 66. Kb3 b5 67. g5 c6 1/2-1/2

[Event "BEL-chB"]
[Site "Ghent"]
[Date "2000.07.??"]
[Round "3"]
[White "Lavrenov, Yuli"]
[Black "Maes, Wim"]
[Result "1/2-1/2"]
[WhiteElo "2207"]
[BlackElo "2287"]
[PlyCount "114"]
[EventDate "2000.07.??"]
[EventType "tourn"]
[EventRounds "9"]
[EventCountry "BEL"]
[SourceTitle "EXT 2003"]
[Source "ChessBase"]
[SourceDate "2002.11.25"]
[SourceVersion "1"]
[SourceVersionDate "2002.11.25"]
[SourceQuality "1"]

1. d4 Nf6 2. c4 g6 3. Nc3 Bg7 4. e4 d6 5. Be2 0-0 6. Nf3 e5 7. 0-0 Nc6 8. Be3 Ng4 9. Bg5 f6 10. Bh4 Nh6 11. dxe5 dxe5 12. Qxd8 Nxd8 13. Nd5 Ne6 14. Ne7+ Kf7 15. Nxc8 Rfxc8 16. Rfd1 g5 17. Bg3 Rd8 18. Rxd8 Rxd8 19. Rd1 Rxd1+ 20. Bxd1 Bf8 21. Nd2 Bc5 22. Nb3 Bb6 23. Kf1 Ke7 24. Ke1 Kd6 25. Kd2 c6 26. h3 Ng7 27. Bg4 Nxg4 28. hxg4 h5 29. f3 Bg1 30. gxh5 Nxh5 31. Be1 Nf4 32. g3 Ne6 33. Ke2 Bd4 34. Bb4+ Kd7 35. Nxd4 Nxd4+ 36. Kf2 b6 37. Bc3 Ne6 38. Ke3 a5 39. b3 Kd6 40. Bb2 b5 41. cxb5 cxb5 42. Ba3+ b4 43. Bb2 Kc5 44. Ba1 Kb5 45. Bb2 a4 46. bxa4+ Kxa4 47. Kd3 Kb5 48. Ba1 Nc5+ 49. Ke3 Kc4 50. f4 gxf4+ 51. gxf4 Nd3 52. fxe5 fxe5 53. Kd2 Nc5 54. Bxe5 Nxe4+ 55. Kc2 Nc5 56. Bd6 Ne4 57. Bxb4 Kxb4 1/2-1/2

[Event "BEL-chB"]
[Site "Ghent"]
[Date "2000.07.??"]
[Round "4"]
[White "Van Mechelen, Jan"]
[Black "Lavrenov, Yuli"]
[Result "1-0"]
[WhiteElo "2247"]
[BlackElo "2207"]
[PlyCount "103"]
[EventDate "2000.07.??"]
[EventType "tourn"]
[EventRounds "9"]
[EventCountry "BEL"]
[SourceTitle "EXT 2003"]
[Source "ChessBase"]
[SourceDate "2002.11.25"]
[SourceVersion "1"]
[SourceVersionDate "2002.11.25"]
[SourceQuality "1"]

1. e4 e5 2. Nf3 Nc6 3. Bb5 a6 4. Ba4 Nf6 5. d3 d6 6. c3 g6 7. Nbd2 Bg7 8. 0-0 0-0 9. Re1 Nh5 10. Nf1 Nf4 11. d4 Ne7 12. Bb3 h6 13. Be3 b6 14. N1d2 g5 15. dxe5 dxe5 16. Nc4 Neg6 17. Bxf4 exf4 18. Qe2 g4 19. Nd4 Nh4 20. Rad1 Qg5 21. g3 fxg3 22. hxg3 Nf3+ 23. Nxf3 gxf3 24. Qd2 Qh5 25. Qf4 Bh3 26. Rd5 Qg6 27. Qxf3 Be6 28. Rd2 Rad8 29. Red1 Bg4 30. Qf4 Bxd1 31. Rxd1 Rxd1+ 32. Bxd1 Rd8 33. Bb3 b5 34. Ne3 Qd6 35. Qxf7+ Kh8 36. Nf5 Qf6 37. Qxc7 Rf8 38. f4 b4 39. cxb4 Qxb2 40. Qxg7+ Qxg7 41. Nxg7 Kxg7 42. Bd5 Kf6 43. Kg2 h5 44. Kh3 Rc8 45. g4 Rc3+ 46. Kh4 hxg4 47. Kxg4 Rc1 48. e5+ Kg6 49. f5+ Kg7 50. f6+ Kg6 51. f7 Rf1 52. e6 1-0

[Event "BEL-chB"]
[Site "Ghent"]
[Date "2000.07.??"]
[Round "8"]
[White "Vanheirzeele, Daniel"]
[Black "Lavrenov, Yuli"]
[Result "1/2-1/2"]
[WhiteElo "2244"]
[BlackElo "2207"]
[PlyCount "39"]
[EventDate "2000.07.??"]
[EventType "tourn"]
[EventRounds "9"]
[EventCountry "BEL"]
[SourceTitle "EXT 2003"]
[Source "ChessBase"]
[SourceDate "2002.11.25"]
[SourceVersion "1"]
[SourceVersionDate "2002.11.25"]
[SourceQuality "1"]

1. d4 Nf6 2. c4 g6 3. Nc3 d5 4. Nf3 Bg7 5. Qb3 dxc4 6. Qxc4 0-0 7. e4 Bg4 8. Be3 Nfd7 9. Rd1 Nb6 10. Qb3 e6 11. Be2 Qe7 12. Ng1 Bxe2 13. Ngxe2 Nc6 14. 0-0 Na5 15. Qb5 Nac4 16. Bg5 f6 17. Bc1 Rfd8 18. b3 a6 19. Qc5 Nd6 20. d5 1/2-1/2

[Event "BEL-chB"]
[Site "Ghent"]
[Date "2000.07.??"]
[Round "1"]
[White "Vermeulen, Bram"]
[Black "Lavrenov, Yuli"]
[Result "1-0"]
[WhiteElo "2125"]
[BlackElo "2207"]
[PlyCount "93"]
[EventDate "2000.07.??"]
[EventType "tourn"]
[EventRounds "9"]
[EventCountry "BEL"]
[SourceTitle "EXT 2003"]
[Source "ChessBase"]
[SourceDate "2002.11.25"]
[SourceVersion "1"]
[SourceVersionDate "2002.11.25"]
[SourceQuality "1"]

1. e4 e5 2. f4 exf4 3. Nf3 g5 4. h4 g4 5. Ne5 Nc6 6. d4 Nf6 7. Bxf4 Nxe4 8. Bd3 d5 9. Nxc6 bxc6 10. Bxe4 dxe4 11. Nc3 f5 12. Qd2 Be7 13. g3 0-0 14. 0-0-0 Be6 15. a3 Bd5 16. Rhf1 Rf7 17. Qe2 Qb8 18. Be3 h5 19. Rf2 Qb7 20. Rdf1 Rb8 21. Nd1 Be6 22. Qe1 Qb5 23. Qc3 Bc4 24. Rg1 Bf8 25. Bf4 Bg7 26. Ne3 Be6 27. Be5 Bxe5 28. dxe5 Rbf8 29. Rgf1 Qb6 30. Ng2 Re7 31. Nf4 Bf7 32. Kb1 Qb5 33. e6 Be8 34. Rd1 Qb6 35. Rfd2 Qb5 36. Rd8 Qb6 37. Rc8 Qf2 38. Rdd8 Qf3 39. Ng6 Qxc3 40. Nxe7+ Kg7 41. bxc3 f4 42. gxf4 g3 43. Rd2 Kf6 44. Nxc6 e3 45. Rg2 Bxc6 46. Rxf8+ Ke7 47. Rxg3 1-0

[Event "BEL-chT 9900"]
[Site "Antwerp"]
[Date "1999.10.??"]
[Round "1"]
[White "Luminet, Denis"]
[Black "Lavrenov, Yuli"]
[Result "1/2-1/2"]
[WhiteElo "2285"]
[BlackElo "2110"]
[PlyCount "33"]
[EventDate "1999.10.08"]
[EventType "team"]
[EventRounds "11"]
[EventCountry "BEL"]
[SourceTitle "CBM 073 Extra"]
[Source "ChessBase"]
[SourceDate "2000.01.11"]
[SourceVersion "1"]
[SourceVersionDate "2000.01.11"]
[SourceQuality "1"]

1. e3 Nf6 2. Nf3 g6 3. b3 Bg7 4. Bb2 0-0 5. Be2 c5 6. c4 b6 7. 0-0 Bb7 8. d3 d5 9. cxd5 Nxd5 10. Bxg7 Kxg7 11. a3 Nc6 12. Qc2 e6 13. Nbd2 Rc8 14. Rfc1 Qe7 15. Ne4 Rfd8 16. Qb2+ e5 17. h3 1/2-1/2

[Event "BEL-ch op"]
[Site "Geel"]
[Date "1999.08.??"]
[Round "2.3"]
[White "De Smet, Karl B"]
[Black "Lavrenov, Yuli"]
[Result "0-1"]
[WhiteElo "1877"]
[BlackElo "2202"]
[PlyCount "133"]
[EventDate "1999.08.21"]
[EventType "swiss"]
[EventRounds "9"]
[EventCountry "BEL"]
[SourceTitle "EXT 2021"]
[Source "ChessBase"]
[SourceDate "2020.10.23"]
[SourceVersion "1"]
[SourceVersionDate "2020.10.23"]
[SourceQuality "1"]

1. e4 e5 2. Nf3 Nc6 3. Nc3 Nf6 4. g3 d5 5. exd5 Nxd5 6. Bg2 Nxc3 7. bxc3 Bd6 8. d3 0-0 9. 0-0 Bg4 10. h3 Bh5 11. Rb1 Rb8 12. Be3 Qd7 13. Nxe5 Qf5 14. Nf3 Ne5 15. Nh4 Bxd1 16. Nxf5 Bxc2 17. Rxb7 Rxb7 18. Bxb7 Bxd3 19. Nxd6 Bxf1 20. Kxf1 cxd6 21. Bxa7 Re8 22. Bd4 Rb8 23. Bd5 Rb5 24. Bb3 Nc6 25. Be3 Na5 26. Bd1 Rb1 27. Ke2 Rb2+ 28. Kd3 Rxa2 29. c4 Ra3+ 30. Kd4 Nc6+ 31. Ke4 Ra1 32. Bc2 Ra5 33. Bb6 Re5+ 34. Kf4 h5 35. Be4 Ne7 36. Bd4 g5+ 37. Kf3 Ra5 38. Bf6 Kf8 39. Ke2 Ke8 40. Bf3 Ng8 41. Bc6+ Kf8 42. Bd4 Ke7 43. Kd3 Nf6 44. Kc3 g4 45. h4 Ra3+ 46. Kb4 Rd3 47. Be3 Ke6 48. Kb5 Rxe3 49. fxe3 Ke5 50. Bg2 Ne4 51. Bxe4 Kxe4 52. Kc6 Kd3 53. Kxd6 Kxc4 54. Ke5 Kd3 55. Kf4 f6 56. e4 Kd4 57. Kf5 Ke3 58. Kg6 Kf3 59. Kxf6 Kxe4 60. Kg5 Kf3 61. Kxh5 Kxg3 62. Kg5 Kf3 63. h5 g3 64. h6 g2 65. h7 g1Q+ 66. Kf6 Qd4+ 67. Kg6 0-1

[Event "Antwerp-ch Experts"]
[Site "Antwerp"]
[Date "1999.??.??"]
[Round "?"]
[White "Lavrenov, Yuli"]
[Black "Huyck, Walter"]
[Result "1/2-1/2"]
[WhiteElo "2200"]
[BlackElo "1910"]
[PlyCount "43"]
[EventDate "1999.??.??"]
[EventType "tourn"]
[EventRounds "9"]
[EventCountry "BEL"]
[SourceTitle "EXT 2006"]
[Source "ChessBase"]
[SourceDate "2005.11.24"]
[SourceVersion "1"]
[SourceVersionDate "2005.11.24"]
[SourceQuality "1"]

1. Nf3 Nf6 2. c4 c5 3. Nc3 Nc6 4. d4 cxd4 5. Nxd4 Nxd4 6. Qxd4 g6 7. g3 Bg7 8. Bg2 0-0 9. c5 a5 10. 0-0 Ra6 11. Bd2 d6 12. Rfd1 Nd7 13. Qh4 Bf6 14. Bg5 Bxg5 15. Qxg5 Nxc5 16. Nd5 e6 17. Nf6+ Kg7 18. Nh5+ Kh8 19. Qf6+ Qxf6 20. Nxf6 Kg7 21. Ne4 Nxe4 22. Bxe4 1/2-1/2

[Event "Antwerp-ch Experts"]
[Site "Antwerp"]
[Date "1999.??.??"]
[Round "?"]
[White "Lavrenov, Yuli"]
[Black "Van Herck, Marcel"]
[Result "0-1"]
[WhiteElo "2200"]
[BlackElo "2265"]
[PlyCount "86"]
[EventDate "1999.??.??"]
[EventType "tourn"]
[EventRounds "9"]
[EventCountry "BEL"]
[SourceTitle "EXT 2006"]
[Source "ChessBase"]
[SourceDate "2005.11.24"]
[SourceVersion "1"]
[SourceVersionDate "2005.11.24"]
[SourceQuality "1"]

1. d4 Nf6 2. c4 e6 3. Nc3 Bb4 4. e3 b6 5. Nge2 0-0 6. a3 Bxc3+ 7. Nxc3 d5 8. Be2 Bb7 9. 0-0 Nbd7 10. b3 Ne4 11. Nxe4 dxe4 12. Bb2 f5 13. d5 e5 14. f4 exf3 15. Bxf3 Qg5 16. Qd2 Rae8 17. Rae1 e4 18. Bd1 Ne5 19. Bxe5 Rxe5 20. b4 Qe7 21. Bb3 Kh8 22. Rd1 Rd8 23. Qc3 h6 24. Rd2 Kh7 25. Rfd1 Ba6 26. Bc2 Rf8 27. g3 Rf6 28. c5 Rg6 29. d6 cxd6 30. Rxd6 bxc5 31. bxc5 Be2 32. Rxg6 Kxg6 33. Rd6+ Kh7 34. Qd4 Bd3 35. Bb3 Qg5 36. Bd1 Re7 37. Kf2 Rb7 38. Rd7 Rb1 39. Ba4 Rf1+ 40. Kg2 Qg4 41. c6 Qf3+ 42. Kh3 Qh5+ 43. Kg2 Rf2+ 0-1

[Event "Antwerp-ch Experts"]
[Site "Antwerp"]
[Date "1999.??.??"]
[Round "?"]
[White "Lavrenov, Yuli"]
[Black "Van Soom, Herman"]
[Result "1-0"]
[WhiteElo "2200"]
[BlackElo "1990"]
[PlyCount "64"]
[EventDate "1999.??.??"]
[EventType "tourn"]
[EventRounds "9"]
[EventCountry "BEL"]
[SourceTitle "EXT 2006"]
[Source "ChessBase"]
[SourceDate "2005.11.24"]
[SourceVersion "1"]
[SourceVersionDate "2005.11.24"]
[SourceQuality "1"]

1. Nf3 c5 2. c4 Nc6 3. g3 d6 4. Bg2 e6 5. 0-0 Nf6 6. Nc3 Be7 7. d4 cxd4 8. Nxd4 Bd7 9. b3 0-0 10. Bb2 Nxd4 11. Qxd4 Bc6 12. e4 Qa5 13. h3 Rfd8 14. Rad1 a6 15. a3 Qc5 16. Qxc5 dxc5 17. e5 Bxg2 18. Kxg2 Ne8 19. f4 f5 20. a4 Nc7 21. a5 Rxd1 22. Rxd1 Rd8 23. Rxd8+ Bxd8 24. Na4 Na8 25. Nxc5 Bxa5 26. Nxe6 Bb4 27. g4 fxg4 28. hxg4 b5 29. cxb5 axb5 30. Kf3 h6 31. f5 Kf7 32. Ke4 Ba5 1-0

[Event "Antwerp-ch Experts"]
[Site "Antwerp"]
[Date "1999.??.??"]
[Round "?"]
[White "Lavrenov, Yuli"]
[Black "Van den Brande, Werner"]
[Result "1-0"]
[WhiteElo "2200"]
[BlackElo "2205"]
[PlyCount "77"]
[EventDate "1999.??.??"]
[EventType "tourn"]
[EventRounds "9"]
[EventCountry "BEL"]
[SourceTitle "EXT 2006"]
[Source "ChessBase"]
[SourceDate "2005.11.24"]
[SourceVersion "1"]
[SourceVersionDate "2005.11.24"]
[SourceQuality "1"]

1. Nf3 c5 2. c4 Nf6 3. Nc3 e6 4. g3 b6 5. Bg2 Bb7 6. 0-0 a6 7. d4 cxd4 8. Qxd4 d6 9. Rd1 Be7 10. Ng5 Bxg2 11. Kxg2 Nc6 12. Qf4 Ra7 13. Nge4 Rd7 14. b3 d5 15. cxd5 Nxd5 16. Nxd5 Rxd5 17. Rxd5 Qxd5 18. f3 0-0 19. Bb2 Rd8 20. Qc7 f5 21. Nf2 Qb5 22. Rc1 Rd2 23. Rxc6 Rxb2 24. Qxb6 Qxb6 25. Rxb6 Rxa2 26. Rxe6 Kf7 27. Re5 Kf6 28. Re3 Bc5 29. Rc3 Bd4 30. Rd3 Be5 31. Kf1 Rb2 32. f4 Bc7 33. Nd1 Rb1 34. e3 Ke7 35. Ke2 Bb6 36. Kd2 Ra1 37. Kc2 Ra2+ 38. Nb2 Ra1 39. Rd5 1-0